[Event "NB II. Breyer csoport"]
[Site "Budapest"]
[Date "2023.10.29"]
[Round "2.3"]
[White "Yip, Michael"]
[Black "Isepy, Tamas"]
[Result "0-1"]
[WhiteElo "1909"]
[BlackElo "2076"]
[PlyCount "38"]
[EventDate "2023.10.08"]
[EventType "team-tourn"]
[EventRounds "9"]
[EventCountry "HUN"]
[Source "chess.hu"]
[WhiteTeam "MTK Budapest II."]
[BlackTeam "Barcza - BEAC I."]
[WhiteTeamCountry "HUN"]
[BlackTeamCountry "HUN"]

1. e4 c5 2. Nf3 e6 3. d4 cxd4 4. Nxd4 Nf6 5. Nc3 Nc6 6. Nxc6 bxc6 7. e5 Nd5 8.
Ne4 Qc7 9. f4 Qb6 10. Bd3 Ba6 11. c4 Qd4 12. Qe2 Nb4 13. Bb1 Bxc4 14. Qf3 Nd3+
15. Bxd3 Bxd3 16. Nc3 Bc5 17. Bd2 Rb8 18. Rc1 Rxb2 19. Nd1 Rxd2 0-1

[Event "NB II. Breyer csoport"]
[Site "Budapest"]
[Date "2023.10.29"]
[Round "2.4"]
[White "Medve, Mark"]
[Black "Fekete, Martin"]
[Result "1-0"]
[WhiteElo "2082"]
[BlackElo "1943"]
[PlyCount "75"]
[EventDate "2023.10.08"]
[EventType "team-tourn"]
[EventRounds "9"]
[EventCountry "HUN"]
[Source "chess.hu"]
[WhiteTeam "Barcza - BEAC I."]
[BlackTeam "MTK Budapest II."]
[WhiteTeamCountry "HUN"]
[BlackTeamCountry "HUN"]

1. d4 Nf6 2. c4 e6 3. Nc3 d5 4. cxd5 exd5 5. Bg5 Be7 6. e3 Bf5 7. Bxf6 Bxf6 8.
Qb3 Nc6 9. Qxb7 Ne7 10. Bb5+ Kf8 11. Qa6 Bc8 12. Qa4 a6 13. Bd3 Bb7 14. Qa3 c6
15. Nge2 g6 16. O-O Kg7 17. Rad1 Ng8 18. f3 h5 19. Kh1 Nh6 20. e4 Qc7 21. e5
Be7 22. Qb3 Bc8 23. Qc2 Bf5 24. Nxd5 Qd8 25. Nxe7 Qxe7 26. Qxc6 Be6 27. Be4
Rac8 28. Qa4 Qh4 29. g3 Qg5 30. Nf4 Bc4 31. Rfe1 Bb5 32. Qb3 h4 33. Nh3 Qe7 34.
g4 Bd7 35. Qe3 Bxg4 36. fxg4 Nxg4 37. Qf4 Qe6 38. Rg1 1-0

[Event "NB II. Breyer csoport"]
[Site "Budapest"]
[Date "2023.10.29"]
[Round "2.5"]
[White "Forgacs, Andras"]
[Black "Palczert, Botond"]
[Result "1-0"]
[WhiteElo "1878"]
[BlackElo "1987"]
[PlyCount "47"]
[EventDate "2023.10.08"]
[EventType "team-tourn"]
[EventRounds "9"]
[EventCountry "HUN"]
[Source "chess.hu"]
[WhiteTeam "MTK Budapest II."]
[BlackTeam "Barcza - BEAC I."]
[WhiteTeamCountry "HUN"]
[BlackTeamCountry "HUN"]

1. d4 Nf6 2. c4 e6 3. Nf3 d5 4. Nc3 Be7 5. Bf4 O-O 6. e3 c6 7. Bd3 Nbd7 8. c5
Nh5 9. Qc2 Nxf4 10. exf4 g6 11. h4 Bf6 12. h5 Bg7 13. O-O-O b6 14. cxb6 c5 15.
hxg6 hxg6 16. Ng5 cxd4 17. Bxg6 fxg6 18. Qxg6 Qxg5 19. Qxe6+ Rf7 20. fxg5 Ne5
21. Qe8+ Rf8 22. b7 dxc3 23. Qxf8+ Bxf8 24. bxa8=Q 1-0

[Event "NB II. Breyer csoport"]
[Site "Budapest"]
[Date "2023.10.29"]
[Round "2.6"]
[White "Szekacs, Mark"]
[Black "Toth, Rafael"]
[Result "1-0"]
[WhiteElo "2005"]
[BlackElo "1709"]
[PlyCount "71"]
[EventDate "2023.10.08"]
[EventType "team-tourn"]
[EventRounds "9"]
[EventCountry "HUN"]
[Source "chess.hu"]
[WhiteTeam "Barcza - BEAC I."]
[BlackTeam "MTK Budapest II."]
[WhiteTeamCountry "HUN"]
[BlackTeamCountry "HUN"]

1. e4 c5 2. Nf3 e6 3. g3 Nc6 4. d4 cxd4 5. Nxd4 Nf6 6. Bg2 Bc5 7. Nb3 Bb6 8.
O-O O-O 9. Nc3 a6 10. Qe2 d6 11. Kh1 Qe7 12. Be3 Bxe3 13. Qxe3 Ne5 14. Qd4 b5
15. a4 bxa4 16. Nxa4 Rb8 17. f4 Nc6 18. Qd2 Bb7 19. Qe2 Rfd8 20. Rfd1 Qc7 21.
Nc3 Rbc8 22. Rd2 Rd7 23. g4 Rcd8 24. g5 Ne8 25. f5 Ne5 26. Na5 exf5 27. exf5
Bxg2+ 28. Qxg2 Nc4 29. Nd5 Qc5 30. Nxc4 Qxc4 31. Nb6 Qb5 32. Nxd7 Rxd7 33. Re1
Nc7 34. Qe4 Rd8 35. c4 Qc5 36. Rde2 1-0

[Event "NB II. Breyer csoport"]
[Site "Budapest"]
[Date "2023.10.29"]
[Round "2.7"]
[White "Gondor, Jakab"]
[Black "Martin, Bela Jr"]
[Result "0-1"]
[WhiteElo "1652"]
[BlackElo "2028"]
[PlyCount "80"]
[EventDate "2023.10.08"]
[EventType "team-tourn"]
[EventRounds "9"]
[EventCountry "HUN"]
[Source "chess.hu"]
[WhiteTeam "MTK Budapest II."]
[BlackTeam "Barcza - BEAC I."]
[WhiteTeamCountry "HUN"]
[BlackTeamCountry "HUN"]

1. c4 Nf6 2. Nc3 g6 3. d4 Bg7 4. e4 d6 5. h3 O-O 6. Bg5 c5 7. d5 e6 8. Bd3 exd5
9. cxd5 b5 10. Bxb5 h6 11. Bd2 Nbd7 12. Nf3 Nxe4 13. Nxe4 Re8 14. O-O Rxe4 15.
Qc2 Nf6 16. Rfe1 Rxe1+ 17. Rxe1 Bb7 18. Bc6 Bxc6 19. dxc6 Qc7 20. b4 Qxc6 21.
bxc5 dxc5 22. Rc1 Rc8 23. Be3 Qd5 24. Qa4 c4 25. Qxa7 Ne4 26. Qa6 Rc6 27. Qa8+
Kh7 28. Nd4 Bxd4 29. Bxd4 Qxd4 30. Qxc6 Qxf2+ 31. Kh1 Ng3+ 32. Kh2 Nf1+ 33. Kh1
Qf4 34. Rxf1 Qxf1+ 35. Kh2 Qf4+ 36. Kg1 Qd4+ 37. Kf1 c3 38. Qf3 c2 39. Qxf7+
Qg7 40. Qc4 Qa1+ 0-1

[Event "NB II. Breyer csoport"]
[Site "Budapest"]
[Date "2023.10.29"]
[Round "2.9"]
[White "Toth, Timea"]
[Black "Kozsik, Bende Barnabas"]
[Result "1-0"]
[WhiteElo "1576"]
[BlackElo "1919"]
[PlyCount "33"]
[EventDate "2023.10.08"]
[EventType "team-tourn"]
[EventRounds "9"]
[EventCountry "HUN"]
[Source "chess.hu"]
[WhiteTeam "MTK Budapest II."]
[BlackTeam "Barcza - BEAC I."]
[WhiteTeamCountry "HUN"]
[BlackTeamCountry "HUN"]

1. e4 c5 2. c3 d5 3. exd5 Qxd5 4. d4 Nc6 5. Nf3 Bg4 6. Be2 Rd8 7. c4 Qd6 8. d5
Bxf3 9. Bxf3 Nd4 10. O-O g6 11. Nc3 b6 12. Re1 Nf6 13. Be3 Nxf3+ 14. Qxf3 Bg7
15. Bf4 Qd7 16. d6 e6 17. Bg5 1-0

[Event "NB II. Breyer csoport"]
[Site "Budapest"]
[Date "2023.10.29"]
[Round "2.10"]
[White "Racz, Peter"]
[Black "Shen, Yiyun"]
[Result "0-1"]
[WhiteElo "1890"]
[BlackElo "1420"]
[PlyCount "44"]
[EventDate "2023.10.08"]
[EventType "team-tourn"]
[EventRounds "9"]
[EventCountry "HUN"]
[Source "chess.hu"]
[WhiteTeam "Barcza - BEAC I."]
[BlackTeam "MTK Budapest II."]
[WhiteTeamCountry "HUN"]
[BlackTeamCountry "HUN"]

1. d4 d5 2. Nf3 Bf5 3. g3 e6 4. Bg2 Bd6 5. O-O Nf6 6. c4 c6 7. Nc3 Nbd7 8. b3
h6 9. Bb2 Ne4 10. Nd2 Nxc3 11. Bxc3 O-O 12. e4 dxe4 13. Nxe4 Bxe4 14. Bxe4 Nf6
15. Bf3 Be7 16. Re1 Re8 17. Qd2 Qc7 18. d5 cxd5 19. Be5 Qb6 20. cxd5 Bb4 21.
Qf4 Bxe1 22. Bd4 e5 0-1

[Event "NB II. Breyer csoport"]
[Site "Budapest"]
[Date "2023.10.29"]
[Round "2.11"]
[White "Holyba, Marton"]
[Black "Schatzer, Andras"]
[Result "0-1"]
[WhiteElo "1411"]
[BlackElo "1864"]
[PlyCount "84"]
[EventDate "2023.10.08"]
[EventType "team-tourn"]
[EventRounds "9"]
[EventCountry "HUN"]
[Source "chess.hu"]
[WhiteTeam "MTK Budapest II."]
[BlackTeam "Barcza - BEAC I."]
[WhiteTeamCountry "HUN"]
[BlackTeamCountry "HUN"]

1. d4 Nf6 2. c4 c5 3. d5 b5 4. cxb5 a6 5. Nc3 d6 6. e4 Nbd7 7. Nf3 g6 8. Be2
axb5 9. Bxb5 Ba6 10. Bxa6 Rxa6 11. O-O Bg7 12. Bd2 O-O 13. h3 Qc7 14. Nh2 Rb8
15. b3 Ne8 16. f4 c4 17. Qe2 Ra3 18. Rac1 cxb3 19. Nb1 Qb6+ 20. Be3 Rxa2 21.
Qd3 Qa6 22. Qxa6 Rxa6 23. Nd2 b2 24. Rb1 Ra3 25. Bf2 Nc7 26. Nhf3 Nb5 27. Nc4
Ra2 28. Be1 Nb6 29. Nfd2 Na4 30. Bh4 Bd4+ 31. Bf2 Bxf2+ 32. Kxf2 Nbc3 33. Rbe1
Nc5 34. Ke3 Rb4 35. Kd4 b1=Q 36. Nxb1 Nxb1 37. Rxb1 Rba4 38. Rb8+ Kg7 39. Rf3
Nxe4 40. Kxe4 Rxc4+ 41. Kd3 Rc5 42. g4 Ra3+ 0-1

[Event "NB II. Breyer csoport"]
[Site "Budapest"]
[Date "2023.10.29"]
[Round "2.12"]
[White "Tancz, Janos"]
[Black "Toth, Jonatan"]
[Result "1-0"]
[WhiteElo "1641"]
[BlackElo "1114"]
[PlyCount "47"]
[EventDate "2023.10.08"]
[EventType "team-tourn"]
[EventRounds "9"]
[EventCountry "HUN"]
[Source "chess.hu"]
[WhiteTeam "Barcza - BEAC I."]
[BlackTeam "MTK Budapest II."]
[WhiteTeamCountry "HUN"]
[BlackTeamCountry "HUN"]

1. c4 e5 2. Nc3 Nf6 3. g3 Bb4 4. Bg2 O-O 5. e3 Nc6 6. Nge2 d6 7. O-O Bd7 8. a3
Ba5 9. b4 Bb6 10. d4 a6 11. c5 Ba7 12. dxe5 dxe5 13. Bb2 Bg4 14. Qc2 Bd7 15.
Rfd1 Qe7 16. Rd2 Rad8 17. Rad1 Rfe8 18. e4 b6 19. Nd5 Nxd5 20. exd5 Nb8 21. d6
cxd6 22. cxd6 Qe6 23. Qc7 Nc6 24. Bxc6 1-0

[Event "NB II. Breyer csoport"]
[Site "Nyergesujfalu"]
[Date "2023.10.29"]
[Round "2.1"]
[White "Jakab, Bela"]
[Black "Berek, Geza"]
[Result "1-0"]
[WhiteElo "2356"]
[BlackElo "2178"]
[PlyCount "85"]
[EventDate "2023.10.08"]
[EventType "team-tourn"]
[EventRounds "9"]
[EventCountry "HUN"]
[Source "chess.hu"]
[WhiteTeam "Tatabanyai SC"]
[BlackTeam "NYVSE"]
[WhiteTeamCountry "HUN"]
[BlackTeamCountry "HUN"]

1. e4 g6 2. d4 Bg7 3. Nc3 d6 4. Be3 a6 5. h4 h5 6. Nh3 Bxh3 7. Rxh3 c6 8. Qd2
Nd7 9. Be2 b5 10. f3 Ngf6 11. Nd1 Qc7 12. Nf2 Nb6 13. b3 Nfd7 14. g4 Bf6 15.
O-O-O c5 16. f4 Rc8 17. e5 dxe5 18. dxe5 Nxe5 19. gxh5 gxh5 20. fxe5 Qxe5 21.
c3 Nd5 22. Ne4 Qxe4 23. Qxd5 Qxd5 24. Rxd5 Bxc3 25. Rxc5 Kd7 26. Rxc8 Rxc8 27.
Bxh5 Bd4+ 28. Kd2 Bxe3+ 29. Rxe3 Rh8 30. Bxf7 Rxh4 31. a3 Rf4 32. Be6+ Kd6 33.
Bc8 a5 34. Re6+ Kc7 35. Ba6 b4 36. a4 Rf5 37. Rxe7+ Kb6 38. Bc4 Rh5 39. Ke3
Rh3+ 40. Kd4 Rh4+ 41. Re4 Rh5 42. Re6+ Kb7 43. Re5 1-0

[Event "NB II. Breyer csoport"]
[Site "Nyergesujfalu"]
[Date "2023.10.29"]
[Round "2.2"]
[White "Meixner, Ferenc"]
[Black "Farkas, Gyula"]
[Result "0-1"]
[WhiteElo "2012"]
[BlackElo "2093"]
[PlyCount "104"]
[EventDate "2023.10.08"]
[EventType "team-tourn"]
[EventRounds "9"]
[EventCountry "HUN"]
[Source "chess.hu"]
[WhiteTeam "NYVSE"]
[BlackTeam "Tatabanyai SC"]
[WhiteTeamCountry "HUN"]
[BlackTeamCountry "HUN"]

1. Nf3 d5 2. d4 Nf6 3. Bf4 c6 4. c4 dxc4 5. e3 b5 6. a4 e6 7. axb5 cxb5 8. Bxb8
Rxb8 9. Rxa7 Qb6 10. Ra1 Bb4+ 11. Nc3 Ne4 12. Qc2 Bb7 13. Be2 O-O 14. O-O Nd6
15. Ng5 g6 16. Bf3 h6 17. Nxe6 Rfe8 18. Nf4 Bxc3 19. bxc3 Ne4 20. Ne2 f5 21.
Qb2 Bc6 22. Ng3 Nf6 23. Bxc6 Qxc6 24. Ra7 Nd5 25. Rfa1 f4 26. exf4 Nxf4 27. f3
Re3 28. R7a6 Qe8 29. Ne4 Rxe4 30. fxe4 Qxe4 31. R6a2 g5 32. Qf2 Re8 33. Qf3
Qxf3 34. gxf3 Ne2+ 35. Kf2 Nxc3 36. Ra7 b4 37. R1a6 Nd5 38. Rg6+ Kf8 39. Rxh6
Re7 40. Rh8+ Kf7 41. Rxe7+ Kxe7 42. Ke2 b3 43. Rb8 Kd7 44. Kd1 Kc7 45. Rg8 Nb4
46. Rg7+ Kc6 47. Rg6+ Kd5 48. Rxg5+ Kxd4 49. Rb5 Kc3 50. h4 b2 51. Rxb4 Kxb4
52. Kc2 Ka3 0-1

[Event "NB II. Breyer csoport"]
[Site "Nyergesujfalu"]
[Date "2023.10.29"]
[Round "2.3"]
[White "Simonics, Peter"]
[Black "Ikanov, Imre"]
[Result "1-0"]
[WhiteElo "2072"]
[BlackElo "1970"]
[PlyCount "63"]
[EventDate "2023.10.08"]
[EventType "team-tourn"]
[EventRounds "9"]
[EventCountry "HUN"]
[Source "chess.hu"]
[WhiteTeam "Tatabanyai SC"]
[BlackTeam "NYVSE"]
[WhiteTeamCountry "HUN"]
[BlackTeamCountry "HUN"]

1. e4 c5 2. d4 cxd4 3. c3 dxc3 4. Nxc3 e6 5. Nf3 Nc6 6. Bc4 Qc7 7. O-O Nf6 8.
Qe2 Ng4 9. Nb5 Qb8 10. h3 h5 11. g3 Nge5 12. Nxe5 Nxe5 13. Bb3 a6 14. Nd4 Bc5
15. Be3 b6 16. f4 Nc6 17. Nxc6 Bxe3+ 18. Qxe3 dxc6 19. Rad1 c5 20. e5 Qc7 21.
f5 c4 22. Ba4+ b5 23. Bc2 Qa7 24. Rd4 exf5 25. e6 g6 26. Be4 Bxe6 27. Bc6+ Ke7
28. Rd7+ Qxd7 29. Bxd7 Kxd7 30. Rd1+ Kc7 31. Qc5+ Kb7 32. Rd6 1-0

[Event "NB II. Breyer csoport"]
[Site "Nyergesujfalu"]
[Date "2023.10.29"]
[Round "2.4"]
[White "Draga, Balazs"]
[Black "Gaspar, David"]
[Result "1/2-1/2"]
[WhiteElo "1969"]
[BlackElo "2034"]
[PlyCount "46"]
[EventDate "2023.10.08"]
[EventType "team-tourn"]
[EventRounds "9"]
[EventCountry "HUN"]
[Source "chess.hu"]
[WhiteTeam "NYVSE"]
[BlackTeam "Tatabanyai SC"]
[WhiteTeamCountry "HUN"]
[BlackTeamCountry "HUN"]

1. c4 b6 2. Nc3 Bb7 3. e4 d6 4. g3 f5 5. d3 Nf6 6. Bg2 e5 7. Nge2 fxe4 8. dxe4
Be7 9. O-O Nbd7 10. Nd5 O-O 11. f4 Nxd5 12. cxd5 Nf6 13. b4 c6 14. Bb2 cxd5 15.
Qb3 Kh8 16. exd5 a5 17. a3 a4 18. Qd3 Ba6 19. b5 e4 20. Qc4 Bb7 21. Bxe4 Nxe4
22. Qxe4 Bf6 23. Bxf6 Qxf6 1/2-1/2

[Event "NB II. Breyer csoport"]
[Site "Nyergesujfalu"]
[Date "2023.10.29"]
[Round "2.5"]
[White "Joba, Arpad"]
[Black "Kovacs, Milan"]
[Result "1-0"]
[WhiteElo "2105"]
[BlackElo "2025"]
[PlyCount "47"]
[EventDate "2023.10.08"]
[EventType "team-tourn"]
[EventRounds "9"]
[EventCountry "HUN"]
[Source "chess.hu"]
[WhiteTeam "Tatabanyai SC"]
[BlackTeam "NYVSE"]
[WhiteTeamCountry "HUN"]
[BlackTeamCountry "HUN"]

1. e4 d6 2. d4 Nf6 3. Nc3 g6 4. Be3 Bg7 5. Qd2 c6 6. Bh6 Bxh6 7. Qxh6 b5 8. f3
Qa5 9. Bd3 b4 10. Nd1 Ba6 11. Bxa6 Nxa6 12. c3 bxc3 13. bxc3 Rb8 14. Ne2 Qb5
15. Kf2 Qd3 16. Re1 Qxe4 17. Ng3 Qd5 18. Ne3 Qb5 19. Nef5 gxf5 20. Qxf6 O-O 21.
Rxe7 Rbe8 22. Nxf5 Qxf5 23. Qxf5 Rxe7 24. Qg5+ 1-0

[Event "NB II. Breyer csoport"]
[Site "Nyergesujfalu"]
[Date "2023.10.29"]
[Round "2.6"]
[White "Bognar, Attila"]
[Black "Szekely, Csaba"]
[Result "0-1"]
[WhiteElo "1846"]
[BlackElo "2052"]
[PlyCount "52"]
[EventDate "2023.10.08"]
[EventType "team-tourn"]
[EventRounds "9"]
[EventCountry "HUN"]
[Source "chess.hu"]
[WhiteTeam "NYVSE"]
[BlackTeam "Tatabanyai SC"]
[WhiteTeamCountry "HUN"]
[BlackTeamCountry "HUN"]

1. e4 d6 2. Nf3 Nf6 3. Nc3 g6 4. Bc4 Bg7 5. h3 c6 6. a4 d5 7. exd5 cxd5 8. Bb5+
Nc6 9. Ne5 Bd7 10. Nxd7 Qxd7 11. d4 a6 12. Be2 Qf5 13. Bd3 Qe6+ 14. Be2 Ne4 15.
Be3 Nxc3 16. bxc3 Na5 17. Qb1 O-O 18. Qb4 b6 19. Rb1 Rfb8 20. O-O Qd7 21. Bf4
Rb7 22. Rb2 Bf8 23. c4 e5 24. Qc3 exf4 25. cxd5 Qxa4 26. Rb4 Qxb4 0-1

[Event "NB II. Breyer csoport"]
[Site "Nyergesujfalu"]
[Date "2023.10.29"]
[Round "2.7"]
[White "Matis, Tibor"]
[Black "Gal, Lajos"]
[Result "1-0"]
[WhiteElo "1893"]
[BlackElo "1826"]
[PlyCount "81"]
[EventDate "2023.10.08"]
[EventType "team-tourn"]
[EventRounds "9"]
[EventCountry "HUN"]
[Source "chess.hu"]
[WhiteTeam "Tatabanyai SC"]
[BlackTeam "NYVSE"]
[WhiteTeamCountry "HUN"]
[BlackTeamCountry "HUN"]

1. e4 d5 2. exd5 Nf6 3. d4 Nxd5 4. Nf3 e6 5. Bd3 c5 6. dxc5 Bxc5 7. O-O Nc6 8.
a3 a5 9. c4 Nf6 10. Nc3 O-O 11. Bg5 Bd7 12. Qc2 h6 13. Bh4 Nd4 14. Nxd4 Bxd4
15. Rad1 g5 16. Bg3 Qb6 17. h4 Bc6 18. hxg5 hxg5 19. Qd2 Qc5 20. b4 axb4 21.
axb4 Bxc3 22. Qxc3 Qe7 23. Bd6 Qd8 24. Qe5 Ng4 25. Qg3 f5 26. b5 Bd7 27. Bxf8
Kxf8 28. Bxf5 exf5 29. Qd6+ Qe7 30. Qxd7 Qe5 31. Qd6+ Qxd6 32. Rxd6 Ke7 33.
Rfd1 Ra2 34. R6d2 Ra4 35. Rc1 b6 36. Rd5 Ke6 37. Re1+ Kf6 38. f3 Nh6 39. Rd6+
Kg7 40. Re7+ Kf8 41. Rc7 1-0

[Event "NB II. Breyer csoport"]
[Site "Nyergesujfalu"]
[Date "2023.10.29"]
[Round "2.8"]
[White "Balazs, Andras"]
[Black "Laszlo, Balazs"]
[Result "0-1"]
[WhiteElo "1866"]
[BlackElo "1814"]
[PlyCount "120"]
[EventDate "2023.10.08"]
[EventType "team-tourn"]
[EventRounds "9"]
[EventCountry "HUN"]
[Source "chess.hu"]
[WhiteTeam "NYVSE"]
[BlackTeam "Tatabanyai SC"]
[WhiteTeamCountry "HUN"]
[BlackTeamCountry "HUN"]

1. e4 e5 2. Nf3 Nf6 3. d3 d6 4. Be2 Be7 5. b3 Nc6 6. Bb2 h6 7. Nbd2 Nh7 8. Nc4
f5 9. exf5 Bxf5 10. Ne3 O-O 11. Nxf5 Rxf5 12. c4 Rf8 13. Bc3 Bf6 14. Qc2 Ng5
15. Qb2 Ne6 16. g3 a5 17. O-O Nc5 18. Rad1 e4 19. Bxf6 Qxf6 20. Qxf6 Rxf6 21.
dxe4 Nxe4 22. Rc1 Re8 23. Bd1 Nb4 24. a3 Na2 25. Ra1 Nac3 26. Kg2 Ref8 27. Re1
Nxf2 28. Kxf2 Nxd1+ 29. Raxd1 Rxf3+ 30. Kg2 Rxb3 31. Re7 Rf7 32. Re8+ Kh7 33.
c5 dxc5 34. Rdd8 Rxa3 35. h4 Kg6 36. Rd5 Rf5 37. Rd7 Rff3 38. h5+ Kf6 39. Rf8+
Ke6 40. Rxf3 Rxf3 41. Rxg7 Rf7 42. Rg6+ Rf6 43. Rg7 Kd6 44. g4 a4 45. Kg3 a3
46. Rg8 Kd5 47. g5 hxg5 48. Rxg5+ Ke6 49. Rxc5 Rf5 50. Rxc7 a2 51. Rc1 Rxh5 52.
Kf3 Rh2 53. Ke3 Rb2 54. Ra1 b5 55. Kd3 b4 56. Kc4 b3 57. Re1+ Kd6 58. Rh1 Rb1
59. Rh6+ Ke5 60. Rh5+ Kf4 0-1

[Event "NB II. Breyer csoport"]
[Site "Nyergesujfalu"]
[Date "2023.10.29"]
[Round "2.9"]
[White "Szanto, Levente"]
[Black "Meszaros, Vilmos"]
[Result "1-0"]
[WhiteElo "1910"]
[BlackElo "1704"]
[PlyCount "57"]
[EventDate "2023.10.08"]
[EventType "team-tourn"]
[EventRounds "9"]
[EventCountry "HUN"]
[Source "chess.hu"]
[WhiteTeam "Tatabanyai SC"]
[BlackTeam "NYVSE"]
[WhiteTeamCountry "HUN"]
[BlackTeamCountry "HUN"]

1. e4 Nc6 2. Nf3 d6 3. d4 a6 4. Nc3 Bg4 5. Be2 Bxf3 6. Bxf3 e5 7. d5 Nce7 8.
Be3 f5 9. g3 Qd7 10. Qd3 g6 11. a4 Bh6 12. h3 Bxe3 13. Qxe3 Nf6 14. Bg2 fxe4
15. Bxe4 Nxe4 16. Nxe4 O-O 17. Qd3 Rf5 18. h4 Raf8 19. h5 Rf3 20. Qc4 R3f5 21.
hxg6 Nxg6 22. O-O-O b5 23. axb5 axb5 24. Qe2 b4 25. Qg4 Qe7 26. Rh2 R8f7 27.
Rdh1 Kf8 28. Rxh7 R5f6 29. Rh8+ 1-0

[Event "NB II. Breyer csoport"]
[Site "Nyergesujfalu"]
[Date "2023.10.29"]
[Round "2.10"]
[White "Forgacs, Arpad"]
[Black "Kosa, Andras Jozsef"]
[Result "1/2-1/2"]
[WhiteElo "1553"]
[BlackElo "1784"]
[PlyCount "39"]
[EventDate "2023.10.08"]
[EventType "team-tourn"]
[EventRounds "9"]
[EventCountry "HUN"]
[Source "chess.hu"]
[WhiteTeam "NYVSE"]
[BlackTeam "Tatabanyai SC"]
[WhiteTeamCountry "HUN"]
[BlackTeamCountry "HUN"]

1. d4 Nf6 2. Nf3 g6 3. Bf4 Bg7 4. e3 d6 5. Bd3 Bg4 6. Nbd2 O-O 7. h3 Bd7 8. c3
Re8 9. Qe2 Nc6 10. e4 e5 11. dxe5 dxe5 12. Bh2 Nh5 13. Qe3 a6 14. Bc4 Be6 15.
O-O-O Qe7 16. g4 Bxc4 17. Nxc4 b5 18. gxh5 bxc4 19. hxg6 fxg6 20. Rd5 1/2-1/2

[Event "NB II. Breyer csoport"]
[Site "Nyergesujfalu"]
[Date "2023.10.29"]
[Round "2.11"]
[White "Sandor, Viktor"]
[Black "Klinga, Matyas"]
[Result "1-0"]
[WhiteElo "1746"]
[BlackElo "1247"]
[PlyCount "50"]
[EventDate "2023.10.08"]
[EventType "team-tourn"]
[EventRounds "9"]
[EventCountry "HUN"]
[Source "chess.hu"]
[WhiteTeam "Tatabanyai SC"]
[BlackTeam "NYVSE"]
[WhiteTeamCountry "HUN"]
[BlackTeamCountry "HUN"]

1. c4 e5 2. g3 Bc5 3. Bg2 Nf6 4. e3 Nc6 5. a3 a5 6. Nc3 d6 7. Nge2 O-O 8. O-O
Re8 9. d4 exd4 10. exd4 Bb6 11. Bg5 Bf5 12. Nd5 Rb8 13. Nxb6 cxb6 14. Nc3 h6
15. Bf4 g5 16. Be3 Ne7 17. h4 gxh4 18. Bxh6 hxg3 19. fxg3 Qd7 20. Qf3 Qe6 21.
d5 Qe5 22. Rae1 Qd4+ 23. Kh1 Ng4 24. Re4 Qh8 25. Rxg4+ Bg6 1-0

[Event "NB II. Breyer csoport"]
[Site "Tatabanya"]
[Date "2023.12.10"]
[Round "3.1"]
[White "Dupsky, Laszlo"]
[Black "Farkas, Gyula"]
[Result "0-1"]
[WhiteElo "2193"]
[BlackElo "2104"]
[PlyCount "66"]
[EventDate "2023.10.08"]
[EventType "team-tourn"]
[EventRounds "9"]
[EventCountry "HUN"]
[Source "chess.hu"]
[WhiteTeam "Torokbalinti Sakk SE"]
[BlackTeam "Tatabanyai SC"]
[WhiteTeamCountry "HUN"]
[BlackTeamCountry "HUN"]

1. d4 c5 2. c3 Nf6 3. Nf3 e6 4. Bf4 Nc6 5. e3 d5 6. Nbd2 Bd6 7. Bg3 O-O 8. Bd3
Re8 9. Ne5 Qc7 10. f4 c4 11. Bc2 b5 12. Bh4 Be7 13. O-O g6 14. Bxf6 Bxf6 15. e4
Ne7 16. a4 b4 17. Qf3 bxc3 18. bxc3 Rb8 19. Qh3 Bg7 20. Ndf3 f6 21. Ng4 h5 22.
Nxf6+ Bxf6 23. e5 Bh8 24. Kh1 Rb2 25. Rac1 Nf5 26. Rg1 Re7 27. g4 hxg4 28. Rxg4
Rh7 29. Rxg6+ Bg7 30. Bxf5 Rxh3 31. Bxh3 Qf7 32. Rcg1 Rf2 33. Rf6 Rxf3 0-1

[Event "NB II. Breyer csoport"]
[Site "Tatabanya"]
[Date "2023.12.10"]
[Round "3.2"]
[White "Simonics, Peter"]
[Black "Torday, Balazs"]
[Result "1-0"]
[WhiteElo "2078"]
[BlackElo "2163"]
[PlyCount "75"]
[EventDate "2023.10.08"]
[EventType "team-tourn"]
[EventRounds "9"]
[EventCountry "HUN"]
[Source "chess.hu"]
[WhiteTeam "Tatabanyai SC"]
[BlackTeam "Torokbalinti Sakk SE"]
[WhiteTeamCountry "HUN"]
[BlackTeamCountry "HUN"]

1. e4 c5 2. Nf3 e6 3. d4 cxd4 4. Nxd4 a6 5. Nc3 Qc7 6. Be2 Nc6 7. O-O Nf6 8.
Kh1 b5 9. Nxc6 dxc6 10. f4 b4 11. e5 Nd5 12. Ne4 Bb7 13. c4 bxc3 14. bxc3 Rd8
15. Qc2 Be7 16. Rb1 O-O 17. Bd2 c5 18. Rf3 Rd7 19. Rh3 g6 20. Bf3 Rfd8 21. Qc1
Nb6 22. Be3 Bd5 23. Qe1 Nc4 24. Bg1 Qa5 25. Nf6+ Bxf6 26. Bxd5 Rxd5 27. exf6
Qxa2 28. Rc1 Qd2 29. Qf1 Rf5 30. Rf3 Qd5 31. Qe2 Rxf6 32. Ra1 Rd6 33. Rff1 Qd3
34. Qxd3 Rxd3 35. Rxa6 Rxc3 36. Ra8+ Kg7 37. Bxc5 Kh6 38. Bd4 1-0

[Event "NB II. Breyer csoport"]
[Site "Tatabanya"]
[Date "2023.12.10"]
[Round "3.3"]
[White "Bereczki, Istvan"]
[Black "Szekely, Csaba"]
[Result "0-1"]
[WhiteElo "2062"]
[BlackElo "2067"]
[PlyCount "56"]
[EventDate "2023.10.08"]
[EventType "team-tourn"]
[EventRounds "9"]
[EventCountry "HUN"]
[Source "chess.hu"]
[WhiteTeam "Torokbalinti Sakk SE"]
[BlackTeam "Tatabanyai SC"]
[WhiteTeamCountry "HUN"]
[BlackTeamCountry "HUN"]

1. a3 Nf6 2. Nf3 g6 3. g3 Bg7 4. c4 d5 5. cxd5 Nxd5 6. Bg2 O-O 7. O-O c6 8. Nc3
e5 9. Qc2 Be6 10. d3 h6 11. Bd2 Nd7 12. Rab1 a5 13. b4 axb4 14. axb4 Qe7 15.
Ne4 Rfd8 16. Nc5 Nxc5 17. bxc5 Ra7 18. Rfc1 Nc7 19. Be3 e4 20. Ne1 Ra2 21. Qd1
Nb5 22. Bd2 exd3 23. exd3 Nd4 24. Bf1 Bd5 25. Be3 Nf5 26. Bd2 Bd4 27. Nc2 Bxc5
28. Nb4 Bxf2+ 0-1

[Event "NB II. Breyer csoport"]
[Site "Tatabanya"]
[Date "2023.12.10"]
[Round "3.4"]
[White "Laszlo, Balazs"]
[Black "Mullner, Imre"]
[Result "0-1"]
[WhiteElo "1865"]
[BlackElo "2037"]
[PlyCount "60"]
[EventDate "2023.10.08"]
[EventType "team-tourn"]
[EventRounds "9"]
[EventCountry "HUN"]
[Source "chess.hu"]
[WhiteTeam "Tatabanyai SC"]
[BlackTeam "Torokbalinti Sakk SE"]
[WhiteTeamCountry "HUN"]
[BlackTeamCountry "HUN"]

1. e4 c5 2. Nf3 Nc6 3. Nc3 e6 4. Bc4 a6 5. a4 Nf6 6. d3 d5 7. exd5 exd5 8. Bb3
Be7 9. h3 O-O 10. O-O h6 11. Bf4 Be6 12. Re1 c4 13. dxc4 dxc4 14. Ba2 Qb6 15.
Rb1 Bc5 16. Be3 Rad8 17. Qe2 Bxe3 18. fxe3 Qc5 19. Nd2 b5 20. Nde4 Nxe4 21.
Nxe4 Qe5 22. Nf2 Nb4 23. c3 Nxa2 24. Ra1 Nxc3 25. bxc3 Qxc3 26. Rec1 Qe5 27.
axb5 axb5 28. Rab1 Rb8 29. Qf3 b4 30. e4 Rfd8 0-1